[Event "Yingmei Cup CHN-chT 2017"]
[Site "?"]
[Date "2017.04.19"]
[Round "2"]
[White "Yu, Yangyi"]
[Black "Lu, Shanglei"]
[Result "1/2-1/2"]
[WhiteElo "2750"]
[BlackElo "2620"]
[Annotator "TA"]
[PlyCount "63"]
[EventDate "2017.??.??"]
[SourceTitle "Shenzen"]

1. e4 c5 2. Nf3 d6 3. d4 cxd4 4. Nxd4 Nf6 5. Nc3 a6 6. h4 {B90: Sicilian
Najdorf: Unusual White 6th moves, 6 Be3 Ng4 and 6 Be3 e5} (6. Be3 Ng4 7. Bg5 h6
8. Bh4 g5 9. Bg3 Bg7 10. h3 Ne5 11. Nf5 Bxf5 12. exf5 Nbc6 13. Nd5 e6 14. fxe6
fxe6 15. Ne3 Qa5+ 16. c3 Nf3+ 17. Qxf3 Bxc3+ 18. Kd1 Qa4+ 19. Nc2 Bxb2 {
1/2-1/2 (62) Nakamura,H (2785)-Grischuk,A (2742) Sharjah 2017}) 6... Nc6 7. h5
$146 (7. Bg5 e6 8. Qd2 Qb6 9. Nb3 Bd7 10. O-O-O O-O-O 11. f3 Kb8 12. Be3 Qc7
13. Na4 Re8 {1-0 (53) Nielsen,P (2654) -Carstensen,J (2352) Berlin 2015}) 7...
h6 8. Be3 {The position is equal.} Ng4 9. Nxc6 bxc6 10. Bd2 Nf6 11. Qf3 e5 12.
Bc4 Be6 (12... Bg4 $11 {keeps the balance.} 13. Qg3 Bxh5) 13. Bxe6 $16 fxe6 14.
O-O-O Qc7 15. g4 Nh7 16. Qd3 Be7 17. f4 O-O 18. fxe5 ({White should play} 18.
g5 $16) 18... d5 $1 $11 19. Rhf1 (19. exd5 $5 {seems wilder.} cxd5 20. Qg6 Ng5
21. Kb1 Rab8 22. b3) 19... Qxe5 20. Rxf8+ Rxf8 (20... Nxf8 $11 21. exd5 cxd5)
21. exd5 $14 ({Don't play} 21. Qxa6 d4 22. Ne2 Qxe4 $15) 21... cxd5 22. Qxa6 {
Hoping for Re1.} Bg5 23. Qe2 Bxd2+ 24. Rxd2 Qd6 25. b3 Qa3+ 26. Kb1 Ng5 27. Rd1
Ra8 28. Qe5 Kh8 29. Rd3 Rf8 30. Rd1 Ra8 $1 31. Rd3 Rf8 32. Rd1 1/2-1/2

[Event "Yingmei Cup CHN-chT 2017"]
[Site "?"]
[Date "2017.04.19"]
[Round "2"]
[White "Li, Chao b"]
[Black "Ding, Liren"]
[Result "1/2-1/2"]
[WhiteElo "2720"]
[BlackElo "2759"]
[Annotator "TA"]
[PlyCount "64"]
[EventDate "2017.??.??"]
[SourceTitle "Shenzen"]

1. d4 d5 2. c4 c6 3. Nf3 Nf6 4. Nc3 e6 5. e3 Nbd7 6. Qc2 Bd6 7. Bd3 O-O 8. O-O
e5 9. cxd5 cxd5 10. e4 exd4 11. Nxd5 Nxd5 12. exd5 h6 13. Nxd4 Qh4 {D46:
Semi-Slav: 5 e3 Nbd7 6 Bd3, Black avoids the Meran} 14. Nf3 Qh5 15. Bh7+ Kh8
16. Qf5 Qxf5 17. Bxf5 Nf6 18. Bc2 {LiveBook: 9 Games} b6 {The position is
equal.} 19. Rd1 (19. Ba4 Bb7 20. Bc6 Bxc6 21. dxc6 {1/2-1/2 (47) Vachier
Lagrave,M (2723)-Giri,A (2773) Stavanger 2015}) 19... Bb7 20. Bb3 Rad8 21. Be3
Be7 $146 22. Bd4 Nxd5 23. Ne5 Nf4 {[#] White must now prevent ...Rxd4!} 24. Be3
Nd5 25. Bd4 Nf4 {Threatens to win with ...Rxd4!} 26. Bc3 Bd5 27. g3 Ne2+ 28.
Kf1 Nxc3 29. bxc3 Bf6 $132 {[#] ...Bxb3 is the strong threat. Black is not
keeping still (2)} 30. Rxd5 Rxd5 31. Nxf7+ Rxf7 32. Bxd5 Bxc3 1/2-1/2

[Event "Yingmei Cup CHN-chT 2017"]
[Site "?"]
[Date "2017.04.19"]
[Round "2"]
[White "Malakhov, Vladimir"]
[Black "Li, Di"]
[Result "1/2-1/2"]
[WhiteElo "2714"]
[BlackElo "2485"]
[Annotator "TA"]
[PlyCount "101"]
[EventDate "2017.??.??"]
[SourceTitle "Shenzen"]

1. e4 e5 2. Bc4 Nf6 3. d3 Nc6 4. Nf3 Bc5 5. O-O O-O 6. c3 d5 7. exd5 Nxd5 8.
Re1 Bg4 9. h3 Bh5 10. Nbd2 Nb6 11. Bb5 Bd6 12. Ne4 {C55: Two Knights: 4 d3, 4
d4 exd4 5 e5 and Max Lange Attack} Re8 13. Ng3 (13. Bg5 f6 14. Be3 a6 15. Bxc6
bxc6 16. Ng3 Bf7 17. d4 Nc4 18. dxe5 Bxe5 19. Nxe5 Rxe5 {1/2-1/2 (43) Carlsen,
M (2855)-Aronian, L (2792) Leuven 2016}) 13... Bg6 14. Bg5 Qd7 15. d4 $146 (15.
Be3 $5 {is interesting.} a6 16. Bxc6 Qxc6 17. Nh4 Nd5 18. Nxg6 hxg6 19. Bg5) (
15. Nh4 a6 16. Bxc6 Qxc6 17. Nxg6 hxg6 {1/2-1/2 (26) Andriasian,Z (2622)
-Demchenko,A (2588) Nizhny Tagil 2014}) 15... exd4 16. Rxe8+ Rxe8 17. Nxd4 a6
18. Bxc6 $1 bxc6 19. Qf3 Nc4 20. b3 Ne5 $1 21. Qd1 Nd3 {Hoping for ...Re1+.}
22. Qd2 h6 23. Be3 Bxg3 24. fxg3 c5 25. Nf3 Qe7 26. Bf4 Bh7 {And now ...g5
would win.} 27. g4 $1 {The position is equal.} c6 28. Bg3 Qe3+ 29. Qxe3 Rxe3
30. Rd1 Be4 31. Nd2 Bg6 32. Nf1 Re2 33. Rd2 Rxd2 34. Nxd2 $11 {Endgame KBN-KBN}
Nc1 35. a3 Ne2+ 36. Kf2 Nxc3 37. Bd6 Ne4+ 38. Nxe4 Bxe4 39. Bxc5 {KB-KB} f6 40.
b4 Kf7 41. g3 Bd5 42. Ke3 Bg2 43. h4 Bh3 44. Kf4 g5+ 45. Kf3 f5 46. gxf5 Bxf5
47. Ke3 gxh4 48. gxh4 Ke6 49. Kd4 Kd7 50. Bb6 Kc8 51. Ke5 1/2-1/2

[Event "Yingmei Cup CHN-chT 2017"]
[Site "?"]
[Date "2017.04.19"]
[Round "2"]
[White "Wang, Yue"]
[Black "Liu, Guanchu"]
[Result "1/2-1/2"]
[WhiteElo "2706"]
[BlackElo "2437"]
[Annotator "TA"]
[PlyCount "103"]
[EventDate "2017.??.??"]
[SourceTitle "Shenzen"]

1. Nf3 e6 2. c4 Nf6 3. g3 a6 4. Bg2 b5 5. b3 Bb7 6. O-O c5 7. Nc3 Qb6 8. e3 Be7
9. Qe2 {A13: English Opening: 1...e6} Ne4 10. Nxe4 Bxe4 11. Bb2 O-O 12. d3 Bb7
13. d4 d6 {LiveBook: 6 Games} 14. d5 $146 (14. dxc5 Qxc5 15. cxb5 Qxb5 16. Nd4
Qxe2 17. Nxe2 Bxg2 18. Kxg2 Nc6 19. Nd4 Nxd4 20. Bxd4 Rfc8 {1/2-1/2 (20)
Andersson, U (2598)-Van Wely,L (2697) France 2002}) 14... exd5 15. cxd5 Nd7 16.
e4 Bf6 17. Bxf6 Nxf6 18. Qc2 Rfe8 19. Nd2 a5 20. a4 Ba6 21. axb5 Bxb5 22. Rfe1
Ra7 23. h3 Rea8 24. Bf1 a4 25. bxa4 Bxa4 26. Qc3 Qc7 27. Reb1 Bd7 28. Rxa7 Rxa7
29. Bg2 Rb7 30. Rxb7 Qxb7 31. Nc4 Ne8 32. e5 $36 {White is pushing.} Qb4 33.
Qc1 dxe5 34. Nxe5 Bb5 35. Nc6 Bxc6 36. dxc6 c4 ({Better is} 36... Kf8 $14) 37.
Qd1 {[#] aiming for Qd8.} Qd6 38. Qe2 Qe6 39. Qxe6 $2 (39. Qh5 $16) 39... fxe6
$16 {Endgame KB-KN. The position is equal.} 40. f4 c3 41. Be4 Kf7 42. Kf1 ({Not
} 42. Bxh7 $2 g6 43. g4 c2 $19) 42... Nd6 43. c7 h6 44. Ke2 {[#] Bb7! is the
strong threat.} Ke7 45. Bc6 Nc8 46. Kd3 Kd6 47. Bb7 (47. Ba4 $5 {with more
complications.} Kxc7 48. Kxc3 Nd6 49. Kd4 Kd8 50. g4) 47... Kxc7 48. Bxc8 Kxc8
49. Kxc3 g5 50. fxg5 hxg5 51. Kd4 Kd7 52. Ke4 1/2-1/2

[Event "Yingmei Cup CHN-chT 2017"]
[Site "?"]
[Date "2017.04.19"]
[Round "2"]
[White "Wang, Hao"]
[Black "Peng, Xiongjian"]
[Result "0-1"]
[WhiteElo "2690"]
[BlackElo "2423"]
[Annotator "TA"]
[PlyCount "104"]
[EventDate "2017.??.??"]
[SourceTitle "Shenzen"]

1. e4 e5 2. Nf3 Nc6 3. Bb5 a6 4. Ba4 Nf6 5. O-O Be7 6. Re1 b5 7. Bb3 d6 8. c3
O-O 9. h3 Re8 10. d4 Bb7 11. Nbd2 exd4 {C92: Closed Ruy Lopez: 9...Be6, Karpov
and Flohr-Zaitsev Variations} 12. cxd4 Nd7 13. Nf1 Na5 {The position is equal.}
14. Bc2 Bf6 15. Rb1 c5 16. d5 Nc4 17. b3 Nce5 18. N3h2 Ng6 19. Ng3 Bc8 $146 20.
Ng4 Bc3 21. Rf1 $36 {White has good play.} Nde5 22. Ne2 Ba5 (22... Bxg4 $11 23.
hxg4 Qh4) 23. Ne3 $14 Nd7 (23... c4 $14) 24. Bb2 $16 Nf6 {[#]} 25. Ng3 $1 Bb6
26. Kh2 c4 27. bxc4 Bxe3 28. fxe3 {Black must now prevent Bxf6.} Ne5 29. Bxe5 (
29. Bd4 $5 {is more complex.} bxc4 30. Rb6 Qe7 31. Kg1 a5 32. Ba4) 29... Rxe5
30. Qd4 {aiming for c5.} bxc4 31. Rb6 h5 32. Rfb1 Ng4+ 33. Kg1 Qh4 (33... Nf6
$1 $14) 34. Nh1 $18 (34. hxg4 Qxg3 35. Qd2 Bxg4 $11) (34. Rxd6 $6 Re8 35. hxg4
Qxg3 $16) 34... Nh6 35. Rxd6 (35. Qxc4 Bxh3 36. Rb8+ (36. gxh3 $2 Rg5+ 37. Kf1
Qxh3+ 38. Ke2 Rg2+ 39. Kd3 Ng4 40. Rb8+ Rxb8 41. Rxb8+ Kh7 $19) (36. Rxa6 Rxa6
37. Rb8+ Kh7 $19) 36... Rxb8 37. Rxb8+ Kh7 $11) 35... f6 36. Rd8+ (36. Qxc4
Bxh3 37. Rdb6 (37. Rxa6 $2 Rxa6 38. Nf2 Bxg2 39. Kxg2 Ra8 $19) 37... Bxg2 38.
Kxg2 Ng4 $19) 36... Kh7 37. Re8 $2 (37. Qxc4 Nf7 $18) (37. Rf8 $18) 37... Nf7
38. Re7 Kg8 (38... Bxh3 $1 $11 39. g3 (39. Rxf7 Bxg2 40. Qxe5 fxe5 41. Kxg2
Qg5+ 42. Kf2 h4 $14) 39... Qg4 40. Rxf7 Qe2) 39. Ra7 $2 ({Weaker is} 39. Rc7
Bxh3 40. g3 (40. Qxc4 $2 Rg5 41. Qe2 Bxg2 42. Qxg2 Ne5 43. Qxg5 fxg5 $19) 40...
Rg5 $17) (39. d6 $16 {stays on course.} Bxh3 40. gxh3 (40. Rxe5 Qg4 41. Qd2
Nxe5 $15)) 39... Rxa7 $19 40. Qxa7 $2 (40. Rb8 Qe1+ 41. Kh2) 40... Bxh3 {
...Qg4 is the strong threat.Black is clearly winning.} (40... Rg5 41. Kf1 Rxg2
42. Qa8 (42. Kxg2 $2 {perishes.} Bxh3+ 43. Kh2 Ne5 44. Qb8+ Kh7 45. Qxe5 fxe5
$19) 42... Qxh3 43. Nf2 Rxf2+ 44. Kxf2) 41. Rf1 {[#]} Bxg2 $1 42. Qb8+ (42.
Kxg2 Rg5+) 42... Kh7 43. Kxg2 {[#]} Rg5+ $1 44. Qg3 Ne5 45. Rf4 Rxg3+ 46. Nxg3
Qg5 47. Kh3 g6 48. d6 Kg7 49. Ne2 Kf7 50. Ba4 Ke6 51. d7 Nxd7 52. Nd4+ Ke5 $4 {
Loss on time?} (52... Ke7 $19 53. Bxd7 Qg1) 0-1

[Event "Yingmei Cup CHN-chT 2017"]
[Site "?"]
[Date "2017.04.19"]
[Round "2"]
[White "Ma, Qun"]
[Black "Zhou, Jianchao"]
[Result "1-0"]
[WhiteElo "2637"]
[BlackElo "2613"]
[Annotator "TA"]
[PlyCount "87"]
[EventDate "2017.??.??"]
[SourceTitle "Shenzen"]

1. d4 Nf6 2. c4 e6 3. Nc3 d5 4. cxd5 exd5 5. Bg5 c6 6. Qc2 Be7 7. e3 Nbd7 8.
Bd3 Nh5 9. Bxe7 Qxe7 10. O-O-O Nb6 11. h3 g6 12. Nf3 Be6 {D36: Queen's Gambit
Declined: Exchange Variation: Main line (5 Bg5 c6 6 Qc2)} 13. Kb1 O-O-O 14. Na4
(14. Nd2 Ng7 15. g4 Kb8 16. Nb3 h5 17. f3 Bc8 18. Qf2 hxg4 19. hxg4 Ne6 20. f4
{0-1 (75) Nakamura,H (2793)-Onischuk,A (2667) Saint Louis 2017}) 14... Nxa4 {
The position is equal.} 15. Qxa4 Kb8 16. Rc1 Nf6 17. Rc3 $36 {White has the
initiative.} Ne4 18. Ra3 b5 $146 (18... Nxf2 $11 {keeps the balance.} 19. Qxa7+
Kc7) (18... Nxf2 19. Qxa7+ Kc7 20. Rb3 {1-0 (30) Aleshnia,V (2547)-Sogaard,O 
(2514) ICCF email 2002}) 19. Qc2 $1 $16 {Hoping for Ne5.} Rd6 20. Ka1 Bf5 21.
g4 Ng5 22. Nxg5 (22. Bxf5 $6 Nxf3 23. Bd3 h5 $14) 22... Bxd3 23. Qc5 Rhd8 24.
Nxh7 Be4 25. Rc1 f5 {[#]} (25... Qc7 $16) 26. Ng5 $1 $18 R8d7 (26... Qxg5 27.
Rxa7) 27. f4 Rf6 28. Qc3 Rb7 {aiming for ...b4.} 29. Qe1 (29. Nxe4 $2 b4 30.
Nxf6 bxc3 31. Raxc3 Qxf6 32. Rxc6 Qh8 33. gxf5 gxf5 $19) 29... b4 30. Ra6 Rb6
31. Qe2 Kb7 32. Ra5 Rf8 33. b3 Rh8 34. Kb2 (34. Nxe4 $6 Qxe4 35. g5 Rxh3 $11)
34... Re8 35. Ra1 a6 36. a4 bxa3+ 37. R1xa3 Ra8 38. Qd2 ({Reject} 38. Nxe4 $6
Qxe4 39. R3a4 Kc7 $11) 38... Qd7 39. R3a4 fxg4 (39... Qe7 $16 {keeps fighting.}
40. Qe2 (40. Nxe4 Qxe4 41. Rb4 Rb5 $14) 40... Rb5) 40. hxg4 Qxg4 (40... Qe7
$142 41. Qe2 (41. Nxe4 Qxe4 42. Rb4 Rb5 $16) 41... Rb5) 41. Nxe4 dxe4 42. d5 {
[#] Black must now prevent dxc6+.} Qd7 (42... Rd8 {might work better.} 43. Rxe4
(43. dxc6+ Kc7 44. Rd5 Qe6 45. Rd7+ Rxd7 46. Qxd7+ Qxd7 47. cxd7 Kxd7 48. Rxe4
Rb5 $16) 43... Qd7 44. dxc6+ Rxc6) 43. Rxe4 Ka7 $2 (43... Rd8 44. dxc6+ Rxc6)
44. d6 1-0

[Event "Yingmei Cup CHN-chT 2017"]
[Site "?"]
[Date "2017.04.19"]
[Round "2"]
[White "Sethuraman, S P."]
[Black "Wan, Yunguo"]
[Result "0-1"]
[WhiteElo "2619"]
[BlackElo "2492"]
[Annotator "TA"]
[PlyCount "124"]
[EventDate "2017.??.??"]
[SourceTitle "Shenzen"]

1. d4 Nf6 2. c4 g6 3. Nc3 d5 4. Nf3 Bg7 5. Qb3 dxc4 6. Qxc4 O-O 7. e4 a6 8. e5
b5 9. Qb3 Nfd7 10. e6 {D97: Grünfeld: Russian System: 7 e4, replies other
than 7...Bg4} (10. Be2 c5 11. e6 fxe6 12. Qxe6+ Kh8 13. dxc5 Ne5 14. Qd5 Qxd5
15. Nxd5 Nxf3+ 16. Bxf3 Bb7 17. Nc7 Bxf3 18. gxf3 {1/2-1/2 (31) Kasimdzhanov,R
(2706)-Caruana,F (2844) Baku 2014}) 10... fxe6 11. h4 c5 (11... Nf6 $1 $15) 12.
Ng5 $2 (12. h5 $1 $14 {stays ahead.} c4 13. Qc2) 12... c4 (12... cxd4 13. Nxe6
Qa5 14. Nxd4+ Kh8 15. Ne6 Bxc3+ 16. Qxc3+ (16. bxc3 Rf6 $14) 16... Qxc3+ 17.
bxc3 $16) 13. Qd1 $146 (13. Qc2 Nc6 14. Be3 Nf6 15. Rd1 Nb4 16. Qd2 Nbd5 17.
Be2 h6 {1/2-1/2 (39) Ambartsoumian,A (2359)-Peters,J (2478) Los Angeles 1999})
13... Nf6 $1 14. Be2 b4 (14... h6 $17 15. Qc2 Qe8) 15. Na4 $11 {aiming for Nc5.
} Nc6 16. Be3 Nd5 17. O-O c3 $36 {Black has good play.} 18. bxc3 bxc3 19. Rc1
Rb8 20. h5 $2 (20. Nxc3 $11 {and White is okay.} Nxc3 21. Rxc3 Nxd4 22. Rc5)
20... Nxe3 $19 21. fxe3 Bh6 $1 22. Rxc3 Bxg5 23. Rxc6 $2 (23. hxg6 hxg6 24. Qd3
) 23... Bxe3+ 24. Kh1 Rxf1+ (24... Bxd4 25. Rxf8+ Kxf8 26. Nc5 $17) 25. Bxf1
Qd5 (25... Qxd4 $2 26. Qxd4 Bxd4 27. Nc5 $19) ({Less strong is} 25... Bxd4 26.
Bc4 Kg7 27. Nc5 $17) 26. Rc5 Qe4 27. Qe1 Rb1 (27... Qxd4 $2 28. Rc4 Qe5 29.
hxg6 $19) (27... Bd7 $142 28. Nc3 Qf4) 28. Nc3 Rxe1 29. Rxc8+ Kg7 30. Nxe4
Rxf1+ {Endgame KRB-KRN} 31. Kh2 Bxd4 ({But not} 31... gxh5 32. Rc6) 32. hxg6
Be5+ 33. Kh3 h5 ({Resist} 33... Kxg6 34. Rc5 Bd4 35. Rc4) 34. Ng3 Bxg3 (34...
Rd1 $19 {is more deadly.} 35. Nxh5+ Kxg6) 35. Kxg3 {KR-KR} Rd1 36. Rc7 Kxg6 (
36... Rd3+ $17 37. Kf2 Kxg6 38. Rxe7 Kf6) 37. Rxe7 $15 Rd3+ 38. Kf4 Kf6 39. Rh7
Rd4+ 40. Kg3 ({White should try} 40. Ke3 $1 $15 Rd5 41. a4) 40... Ra4 (40...
Kg5 $17 41. Rg7+ Kf6) 41. Rxh5 Rxa2 {White should prevent ...a5.} 42. Kf3 $2 {
[#]} (42. Kf4 $1 $11 {and White has nothing to worry.}) 42... a5 $1 $19 43. g4
(43. Rh6+ $142 Ke5 44. Rh5+ Kd4 45. g4) 43... a4 44. Ra5 a3 45. g5+ Kf7 {
...Ra1 is the strong threat.} 46. Ra7+ Kf8 $2 (46... Kg6 $19 {Strongly
threatening ...Ra1.} 47. Re7 Kxg5 48. Rxe6 Ra1) 47. Ra6 $2 {[#]} (47. Ra8+ $11
Kf7 48. Kg4) 47... Ra1 $1 {Black mates.} 48. Kg2 a2 49. Ra8+ Kf7 50. Ra7+ Kg6
51. Ra6 Kxg5 52. Ra5+ Kf6 53. Ra6 Ke7 54. Ra5 Kd6 55. Ra6+ Kc7 56. Ra3 e5 57.
Ra6 e4 58. Ra3 {[#]} e3 $1 59. Rc3+ (59. Rxe3 Rc1) 59... Kb6 60. Rc2 Rg1+ 61.
Kxg1 a1=Q+ 62. Kg2 Qd1 0-1

[Event "Yingmei Cup CHN-chT 2017"]
[Site "?"]
[Date "2017.04.19"]
[Round "2"]
[White "Zhou, Weiqi"]
[Black "Wei, Yi"]
[Result "1/2-1/2"]
[WhiteElo "2606"]
[BlackElo "2727"]
[Annotator "TA"]
[PlyCount "62"]
[EventDate "2017.??.??"]
[SourceTitle "Shenzen"]

1. e4 e5 2. Nf3 Nc6 3. d4 exd4 4. Nxd4 Nf6 5. Nc3 Bb4 6. Nxc6 bxc6 7. Bd3 d5 8.
exd5 O-O 9. O-O cxd5 10. Bg5 c6 11. Qf3 h6 12. Bxf6 Qxf6 13. Qxf6 gxf6 14. Ne2
Rb8 {LiveBook: 33 Games} 15. Rad1 {[%emt 0:00:04] C7: Scotch Four Knights and
Four Knights with 4 g3} (15. Rab1 Re8 16. Nd4 Rb6 17. c3 Bf8 18. b4 c5 19. bxc5
Bxc5 20. Rxb6 axb6 21. Bb5 Re7 22. h3 Ra7 {1/2-1/2 (56) Oleksienko,M (2615)
-Pashikian,A (2611) Yerevan 2016}) 15... Bc5 16. b3 Bg4 17. h3 {White is
slightly better.} Bxe2 18. Bxe2 Rfe8 19. Bd3 $146 (19. Bg4 Re5 20. Rd3 f5 21.
Bf3 Re6 22. g3 a5 {1/2-1/2 (40) Todorcevic,M (2478) -Nikcevic,N (2468) Budva
2002}) 19... Bb4 20. g4 d4 21. Kg2 Re5 22. Kf3 Rbe8 23. a4 a5 24. Rg1 Re1 25.
Rdxe1 Rxe1 26. Rxe1 {White is better.} Bxe1 $16 {KB-KB} 27. Ke2 Bb4 28. Be4 c5
29. Kd3 Kf8 30. Kc4 Ke7 31. Kd5 Ba3 1/2-1/2

[Event "Yingmei Cup CHN-chT 2017"]
[Site "?"]
[Date "2017.04.19"]
[Round "2"]
[White "Ju, Wenjun"]
[Black "Zatonskih, Anna"]
[Result "1-0"]
[WhiteElo "2596"]
[BlackElo "2453"]
[Annotator "TA"]
[PlyCount "79"]
[EventDate "2017.??.??"]
[SourceTitle "Shenzen"]

1. Nf3 d5 2. g3 c6 3. Bg2 Bf5 4. O-O h6 5. c4 e6 6. cxd5 exd5 7. d3 Nf6 8. Nc3
Be7 9. Nd4 {A11: English Opening: 1...c6} (9. Qb3 Qb6 10. Qc2 O-O 11. e4 dxe4
12. dxe4 Bh7 13. Be3 Qa5 14. Nd4 Nbd7 15. Rad1 Rfe8 16. Nb3 Qh5 {1/2-1/2 (31)
Fressinet,L (2672)-Battaglini,G (2426) London 2016}) 9... Bh7 10. e4 O-O 11.
Re1 {The position is equal.} Na6 12. e5 Nd7 13. Bh3 Nac5 $146 (13... Bc5 14.
Nf5 Bxf5 15. Bxf5 Bd4 16. Bf4 Re8 17. e6 fxe6 18. Bxe6+ Kh8 19. Qh5 {1-0 (19)
Grabner,H (2214)-Lehnen,P (2135) ICCF email 2011}) 14. Nf5 {[#]} d4 $1 15. Ne4
(15. Nxd4 Nxd3) 15... Kh8 16. f4 Nxe4 17. Rxe4 (17. dxe4 $5 {feels hotter.}
Bxf5 18. exf5 f6 19. e6 Nb6 20. Bg2) 17... c5 ({Black should play} 17... a5 $14
) 18. Re1 Nb6 19. Nxe7 (19. Qg4 $5 {with more complications.} Rg8 20. Bd2 c4
21. Nxe7 Qxe7 22. f5) 19... Qxe7 20. f5 f6 (20... Nd5 $142) 21. e6 $16 Rad8 22.
g4 Rg8 23. Qf3 g6 {[#] Black wants to play ...gxf5.} 24. Kh1 $1 h5 25. g5 {
Strongly threatening gxf6.} Nd5 26. fxg6 (26. gxf6 $18 Nxf6 27. fxg6 Bxg6 28.
Bg5) 26... Bxg6 {[#]} 27. gxf6 ({White should try} 27. Bg2 $1 $16) 27... Qxf6
$14 28. Qxf6+ Nxf6 29. e7 Rde8 $1 30. Bf4 $36 {Hoping for Be5. White has some
pressure.} Kh7 ({Don't play} 30... Bxd3 $6 31. Be5 Kg7 32. Be6 $16) 31. Rad1
Nd5 32. Bg5 $1 {And now Be6 would win.} ({Much worse is} 32. Bd6 Ne3 $11) 32...
Bxd3 $2 (32... Rg7 $1 $14) 33. Bd7 $18 Rxg5 $2 (33... c4 {is a better chance.})
34. Bxe8 {White is clearly winning.} Bf5 {[#]} 35. Bxh5 $1 Nxe7 (35... Rxh5 36.
e8=Q) 36. Rxe7+ Kh6 37. Bf3 b5 38. Rxa7 Bc2 39. Ra6+ Kg7 40. Rg1 1-0

[Event "Yingmei Cup CHN-chT 2017"]
[Site "?"]
[Date "2017.04.19"]
[Round "2"]
[White "Bai, Jinshi"]
[Black "Xu, Yi"]
[Result "1/2-1/2"]
[WhiteElo "2585"]
[BlackElo "2454"]
[Annotator "TA"]
[PlyCount "57"]
[EventDate "2017.??.??"]
[SourceTitle "Shenzen"]

1. Nf3 Nf6 2. g3 d5 3. Bg2 e6 4. O-O Be7 5. d4 O-O 6. c4 dxc4 7. Qc2 a6 8. a4
Bd7 9. Qxc4 Bc6 10. Bf4 Bd6 {E05: Open Catalan: 5 Nf3 Be7} 11. Qc1 Nbd7 (11...
a5 12. Nc3 Na6 13. Bd2 Nb4 14. Qb1 Bxf3 15. Bxf3 c6 16. Rd1 Qe7 17. Ne4 Nxe4
18. Qxe4 {1-0 (44) Ding,L (2760)-Aronian,L (2785) Sharjah 2017}) 12. Nc3 {
LiveBook: 13 Games. The position is equal.} Nd5 13. Nxd5 Bxd5 14. Re1 $146 (14.
Rd1 Qe7 15. Ne5 Bxg2 16. Kxg2 Nxe5 17. dxe5 Bc5 18. Bg5 {1-0 (30) Blair,M 
(1671)-Law,S (1570) LSS email 2008}) 14... Nf6 15. Bg5 Be4 16. Qe3 {[#]
Threatens to win with Bxf6.} Bc6 17. Qb3 h6 18. Bxf6 Qxf6 19. a5 Bxf3 20. Bxf3
Rab8 21. Qc4 c6 22. h4 Rfd8 23. Red1 Rd7 24. Kg2 Rbd8 25. e3 Bb8 26. Qb3 Bd6
27. Qc4 Bb8 28. Qb3 Bd6 29. Qc4 1/2-1/2

[Event "Yingmei Cup CHN-chT 2017"]
[Site "?"]
[Date "2017.04.19"]
[Round "2"]
[White "Gao, Rui"]
[Black "Kryvoruchko, Yuriy"]
[Result "0-1"]
[WhiteElo "2543"]
[BlackElo "2710"]
[Annotator "TA"]
[PlyCount "130"]
[EventDate "2017.??.??"]
[SourceTitle "Shenzen"]

1. e4 e5 2. Nf3 Nc6 3. Bb5 Nf6 4. O-O Nxe4 5. Re1 Nd6 6. Nxe5 Be7 7. Bf1 Nxe5
8. Rxe5 O-O 9. d4 Bf6 10. Re1 Re8 {C67: Ruy Lopez: Berlin Defence: 4 0-0 Nxe4}
11. c3 Rxe1 12. Qxe1 Ne8 13. Bf4 d5 14. Bd3 g6 15. Nd2 {LiveBook: 30 Games} Ng7
16. Nf3 Bf5 17. Bxf5 Nxf5 18. Qe2 c6 $146 19. Re1 Ng7 20. Be5 Bxe5 21. Nxe5 Qd6
22. Qf3 f6 23. Nd3 Re8 24. Rxe8+ Nxe8 25. Qe3 Ng7 26. g3 Kf7 27. Qh6 Kg8 28.
Qe3 g5 29. Kg2 Kf7 30. Qe2 b6 31. f4 h6 32. Qf3 Qe6 33. g4 Ne8 34. f5 Qe7 35.
Kf1 Nd6 36. Qe2 Qd7 37. Kg2 Qc8 38. h4 gxh4 39. Qe3 h5 40. Qh6 {Threatens to
win with Qg6+.} hxg4 41. Qh7+ Ke8 42. Qg8+ Ke7 43. Qg7+ Nf7 {[#]} 44. Qxg4 (44.
Ne5 $1 $11 h3+ (44... fxe5 45. f6+) 45. Kg3 fxe5 46. f6+ Kd6 47. Qxf7) 44...
Ng5 $36 {Black has strong initiative.} 45. Nf4 Kd6 (45... Qa6 $17 46. a3 Qb5
47. Qe2+ Qxe2+ 48. Nxe2 Ne4) 46. Nh3 $1 $11 Ne4 {With the idea ...c5.} 47. Nf2
Nxf2 48. Kxf2 {Endgame KQ-KQ} Qh8 49. Kg2 (49. Qg6 $11) 49... Qh6 $17 50. Kh3
Qg5 $1 51. Qxh4 ({Don't go for} 51. Qxg5 $2 fxg5 52. Kg4 Ke7 $19) 51... Qxf5+
52. Kg3 Ke6 (52... c5 $17 53. Qf4+ Qxf4+ 54. Kxf4 c4) 53. Qh8 $1 $11 {aiming
for Qc8+.} Kf7 54. Qd8 Qe6 55. Qc7+ Kg6 56. Kf2 Qf5+ 57. Ke3 Qe4+ 58. Kd2 $2 {
[#]} (58. Kf2 $1 $11 {and White has nothing to worry.}) 58... f5 $1 $19 59.
Qxc6+ (59. Qxa7 Qg2+ 60. Kc1 Qf1+ 61. Kc2 Qe2+ 62. Kc1 Qe3+ 63. Kc2 Qe4+ 64.
Kb3 Qe2 $11) 59... Kg5 60. Qd7 f4 $2 (60... Kg4 $19 61. Qxa7 (61. Qg7+ Kf3 62.
Qe5 f4 $17) 61... f4) 61. Qxa7 $2 (61. Qh3 $17) 61... f3 62. Qg7+ Kh4 63. Qe5
Kh3 64. Qh5+ Kg2 65. Qg5+ Kf1 0-1

[Event "Yingmei Cup CHN-chT 2017"]
[Site "?"]
[Date "2017.04.19"]
[Round "2"]
[White "Zeng, Chongsheng"]
[Black "Yu, Ruiyuan"]
[Result "1-0"]
[WhiteElo "2536"]
[BlackElo "2526"]
[Annotator "TA"]
[PlyCount "77"]
[EventDate "2017.??.??"]
[SourceTitle "Shenzen"]

1. c4 c6 2. Nc3 d5 3. d4 dxc4 4. e3 b5 5. a4 b4 6. Ne4 {[%emt 0:00:03] D10:
Slav Defence: cxd5 (without early Nf3) and 3 Nc3} Qd5 7. Nd2 $1 (7. Ng3 Nf6 8.
Be2 Nbd7 9. Nf3 Ba6 10. O-O e6 11. b3 Qa5 12. bxc4 c5 13. Bb2 Rd8 {1-0 (41)
Mamedyarov,S (2772)-Holt,C (2555) chess.com INT 2017}) 7... Ba6 8. Qc2 {
White is slightly better.} e6 9. Nxc4 Bxc4 $146 (9... Nf6 10. b3 c5 11. Bb2 Nc6
12. dxc5 Qxc5 13. Rc1 Bb7 {0-1 (42) Malakhatko,V (2610) -Milov,L (2539)
Neustadt an der Weinstrasse 2009}) 10. Qxc4 Nf6 11. f3 Nbd7 12. e4 Qxc4 13.
Bxc4 c5 14. Ne2 Be7 15. Be3 O-O 16. Kf2 $36 {White has some pressure.} a5 (
16... a6 $14) 17. Bb5 $16 cxd4 18. Nxd4 ({Don't play} 18. Bxd4 $6 Nc5 $11)
18... Ne5 19. Nb3 Ne8 20. Bd4 f6 21. Bxe5 fxe5 22. Bxe8 Rfxe8 23. Rhc1 Red8 {
Threatening ...Rd3.} 24. Ke2 Ra7 25. Rd1 Rb8 26. Rac1 $1 Kf7 27. Rc6 h5 {[#]}
28. Nd2 $1 b3 29. Nc4 Rb4 (29... Bf6 {might work better.} 30. Nd6+ Kg6) 30.
Nxe5+ $18 Kf6 31. Rd7 Rxd7 32. Nxd7+ {Endgame KRB-KRN} Kf7 {[#]} 33. Rc4 $1 Rb7
34. Ne5+ Kf6 35. Nd3 g5 36. Rc6 Rd7 37. Ke3 Rb7 38. g3 h4 (38... Bd8 $142 39.
Nc5 Rb4 40. Nxe6 Bb6+ 41. Kd3 Ke7) 39. gxh4 1-0